<?xml version="1.0" encoding="UTF-8"?>
<record
    xmlns:xsi="http://www.w3.org/2001/XMLSchema-instance"
    xsi:schemaLocation="http://www.loc.gov/MARC21/slim http://www.loc.gov/standards/marcxml/schema/MARC21slim.xsd"
    xmlns="http://www.loc.gov/MARC21/slim">

  <leader>01334nam a2200217 a 4500</leader>
  <controlfield tag="001">ASIN1910125202</controlfield>
  <controlfield tag="003">OSt</controlfield>
  <controlfield tag="005">20190522131702.0</controlfield>
  <controlfield tag="008">150416s2014    xxu                 eng d</controlfield>
  <datafield tag="020" ind1=" " ind2=" ">
    <subfield code="a">1910125202 (paperback)</subfield>
    <subfield code="c">$25.00</subfield>
  </datafield>
  <datafield tag="020" ind1=" " ind2=" ">
    <subfield code="a">9781910125205 (paperback)</subfield>
  </datafield>
  <datafield tag="037" ind1=" " ind2=" ">
    <subfield code="c">2600.00 PKR</subfield>
  </datafield>
  <datafield tag="040" ind1=" " ind2=" ">
    <subfield code="c">AUI</subfield>
  </datafield>
  <datafield tag="100" ind1="1" ind2=" ">
    <subfield code="a">Dada, Feroze.</subfield>
    <subfield code="9">16417</subfield>
  </datafield>
  <datafield tag="245" ind1="1" ind2="0">
    <subfield code="a">Children of the revolution </subfield>
    <subfield code="c">Feroze Dada.</subfield>
  </datafield>
  <datafield tag="260" ind1=" " ind2=" ">
    <subfield code="a">Waddon</subfield>
    <subfield code="b">Filament Publishing </subfield>
    <subfield code="c">2014.</subfield>
  </datafield>
  <datafield tag="300" ind1=" " ind2=" ">
    <subfield code="a">305 p. </subfield>
  </datafield>
  <datafield tag="520" ind1=" " ind2=" ">
    <subfield code="a">This is a true story about a Burmese freedom fighter, a monk and 600 abandoned children. It&#xFFFD;&#xFFFD;&#xFFFD;s about our journey together against the backdrop of a beautiful and remote lake community in what has been one of the most turbulent and dangerous regions of the country now called Myanmar. Like most journeys, I found myself setting off for one destination only to arrive at another. I thought I was writing one story only to discover that there were deeper layers that I hadn&#xFFFD;&#xFFFD;&#xFFFD;t uncovered yet. I thought I was writing about one man, only to meet another. Each encounter brought me closer to discovering something new about myself. I was beginning to turn the pages on a new and exciting chapter in my own li</subfield>
  </datafield>
  <datafield tag="856" ind1=" " ind2=" ">
    <subfield code="3">Amazon.com</subfield>
    <subfield code="u">http://www.amazon.com/exec/obidos/ASIN/1910125202/chopaconline</subfield>
  </datafield>
  <datafield tag="942" ind1=" " ind2=" ">
    <subfield code="2">ddc</subfield>
    <subfield code="c">BK</subfield>
  </datafield>
  <datafield tag="999" ind1=" " ind2=" ">
    <subfield code="c">7725</subfield>
    <subfield code="d">7725</subfield>
  </datafield>
  <datafield tag="952" ind1=" " ind2=" ">
    <subfield code="0">0</subfield>
    <subfield code="1">0</subfield>
    <subfield code="2">ddc</subfield>
    <subfield code="4">0</subfield>
    <subfield code="7">0</subfield>
    <subfield code="8">NFIC</subfield>
    <subfield code="a">AUI</subfield>
    <subfield code="b">AUI</subfield>
    <subfield code="c">History &amp; geography 900</subfield>
    <subfield code="d">2015-04-16</subfield>
    <subfield code="e">Iqra Book Agency</subfield>
    <subfield code="i">8080</subfield>
    <subfield code="l">4</subfield>
    <subfield code="o">927 DAD</subfield>
    <subfield code="p">P10731</subfield>
    <subfield code="r">2025-10-21 10:31:25</subfield>
    <subfield code="s">2025-09-10</subfield>
    <subfield code="v">2600.00</subfield>
    <subfield code="w">2015-04-07</subfield>
    <subfield code="y">BK</subfield>
  </datafield>
</record>
